Разработка и исследование искровых камер в институте ядерной физики; Международная конференция по электромагнитным взаимодействиям при низких и средних энергиях, Дубна , 7-15 февраля 1967 г.

Dettagli Bibliografici
Parent link:Международная конференция по электромагнитным взаимодействиям при низких и средних энергиях, Дубна , 7-15 февраля 1967 г..— 1967.— С. 54
Altri autori: Воробьев А. А. Александр Акимович, Воробьев Г. А. Григорий Абрамович, Жанков И. К., Козлов М. И., Крышкин B. И., Кузнецов В. М., Руденко Н. С., Стерлигов А. Г., Усов Ю. П. Юрий Петрович, Цветков В. И.
Lingua:russo
Pubblicazione: 1967
Soggetti:
Natura: MixedMaterials Capitolo di libro
KOHA link:https://koha.lib.tpu.ru/cgi-bin/koha/opac-detail.pl?biblionumber=172692

MARC

LEADER 00000naa2a2200000 4500
001 172692
005 20231031164339.0
035 |a (RuTPU)RU\TPU\book\187268 
090 |a 172692 
100 |a 20091215d k y0rusy50 ca 
101 0 |a rus 
102 |a RU 
200 1 |a Разработка и исследование искровых камер в институте ядерной физики  |f А. А. Воробьев [и др.] 
463 0 |0 (RuTPU)RU\TPU\book\186671  |t Международная конференция по электромагнитным взаимодействиям при низких и средних энергиях, Дубна , 7-15 февраля 1967 г.  |o тезисы докладов  |f Академия наук СССР (АН СССР), Физический институт им. П. Н. Лебедева (ФИАН)  |v С. 54  |d 1967  |p 67 с. 
610 1 |a труды учёных ТПУ 
701 1 |a Воробьев  |b А. А.  |c российский физик  |c ректор Томского политехнического института, профессор  |f 1909-1981  |g Александр Акимович  |2 stltpush  |3 (RuTPU)RU\TPU\pers\12805  |4 070 
701 1 |a Воробьев  |b Г. А.  |c российский ученый, электрофизик  |c профессор кафедры техники высоких напряжений Томского политехнического института  |c профессор Томского университета систем управления и радиоэлектроники  |f 1925-  |g Григорий Абрамович  |2 stltpush  |3 (RuTPU)RU\TPU\pers\19775  |4 070 
701 1 |a Жанков  |b И. К. 
701 1 |a Козлов  |b М. И. 
701 1 |a Крышкин  |b B. И. 
701 1 |a Кузнецов  |b В. М. 
701 1 |a Руденко  |b Н. С. 
701 1 |a Стерлигов  |b А. Г. 
701 1 |a Усов  |b Ю. П.  |c российский ученый, электротехник  |c профессор Томского политехнического университета, доктор технических наук  |f 1937-  |g Юрий Петрович  |2 stltpush  |3 (RuTPU)RU\TPU\pers\19875  |4 070 
701 1 |a Цветков  |b В. И. 
801 1 |a RU  |b 63413507  |c 20091215 
801 2 |a RU  |b 63413507  |c 20111213  |g RCR 
942 |c BK